Online
Catalog

Comparación título II del impuesto sobre la renta del Código Tributario y la Ley 5911 y sus reglamentos : (Record no. 48840)

MARC details
000 -CABECERA
campo de control de longitud fija 00658nam a22001697a 4500
003 - IDENTIFICADOR DEL NÚMERO DE CONTROL
campo de control OSt
005 - FECHA Y HORA DE LA ÚLTIMA TRANSACCIÓN
campo de control 20201016134059.0
008 - DATOS DE LONGITUD FIJA--INFORMACIÓN GENERAL
campo de control de longitud fija 201007b 1992 00| 0 eng d
040 ## - FUENTE DE LA CATALOGACIÓN
Centro catalogador/agencia de origen DO-SdBNP
Lengua de catalogación spa
Centro/agencia transcriptor BNPHU
082 ## - NÚMERO DE LA CLASIFICACIÓN DECIMAL DEWEY
Número de clasificación xxxx
Número de documento/Ítem T683c
100 1# - ENTRADA PRINCIPAL--NOMBRE DE PERSONA
Nombre de persona Toribio, Daniel
9 (RLIN) 588
245 10 - MENCIÓN DE TÍTULO
Título Comparación título II del impuesto sobre la renta del Código Tributario y la Ley 5911 y sus reglamentos :
Resto del título incluye el Código Tributario integro y la tabla de retencion anual para los asalariados. 1992.
Mención de responsabilidad, etc. Daniel Toribio y Juan Hernández
260 ## - PUBLICACIÓN, DISTRIBUCIÓN, ETC.
Lugar de publicación, distribución, etc. Santo Domingo :
Nombre del editor, distribuidor, etc. Alfa y Omega,
Fecha de publicación, distribución, etc. 1992.
300 ## - DESCRIPCIÓN FÍSICA
Extensión 411 p.
Dimensiones 21 cm.
700 1# - PUNTO DE ACCESO ADICIONAL--NOMBRE DE PERSONA
Nombre de persona Hernández, Juan
9 (RLIN) 36041
942 ## - ELEMENTOS DE PUNTO DE ACCESO ADICIONAL (KOHA)
Fuente del sistema de clasificación o colocación Dewey Decimal Classification
Tipo de ítem Koha Libros y folletos
Holdings
Estado de retiro Estado de pérdida Fuente del sistema de clasificación o colocación No para préstamo Código de colección Localización permanente Ubicación/localización actual Ubicación en estantería Fecha de adquisición Fuente de adquisición Total de préstamos Signatura topográfica completa Fecha visto por última vez Precio válido a partir de Tipo de ítem Koha
    Dewey Decimal Classification   Monografías: Libros y Folletos Patrimonio Dominicano Patrimonio Dominicano En catalogación 07.10.2020 Feliz Miguel Torre   xxxx T683c 07.10.2020 07.10.2020 Libros y folletos

Powered by Koha